| 000 | 00798nam a2200265 a 4500 | ||
|---|---|---|---|
| 001 | BRCA_4630 | ||
| 005 | 20190320204737.0 | ||
| 008 | 280910s1927----enka######---#000-0#eng-# | ||
| 041 | _aeng | ||
| 044 | _aenk | ||
| 050 | 4 |
_aNK8430 _b.B35 1927 |
|
| 100 | 1 |
_aBailey, C. T. P. _911716 |
|
| 245 | 1 | 0 |
_aKnives and Forks _cselected and describes with an introduction by Major C. T. P. Bailey. |
| 260 |
_aLondres _bThe Medicy Society _c1927 |
||
| 300 |
_aviii, 16 p. _bil. (algunas a color), 72 láminas _c25 cm. |
||
| 500 | _aIncluye índice de ilustraciones | ||
| 500 | _aD40 | ||
| 504 | _aBibliografía: p. 16 | ||
| 650 | 1 | 4 |
_aCuchillería _911717 |
| 650 | 1 | 4 |
_aPlatería _92745 |
| 650 | 1 | 4 |
_aMarfiles _97848 |
| 710 | 2 |
_aThe Medicy Society of America _911718 |
|
| 902 | _aGFM | ||
| 942 |
_2lcc _cB |
||
| 999 |
_c4333 _d4333 |
||